| 000 | 01032nam a22003137a 4500 | ||
|---|---|---|---|
| 003 | CHAP | ||
| 005 | 20220329134013.0 | ||
| 008 | 971013s1919 r 00010 d | ||
| 010 | _a13927 | ||
| 011 | _a14899 | ||
| 035 | _a18973 | ||
| 040 | _cCHAP | ||
| 082 |
_a378.242 _bB4 |
||
| 100 | 0 | 0 |
_aBélgica. Ministere des Affaires Etrangeres. _913372 |
| 245 | _aRepertoire des theses de doctorat 19-19 | ||
| 260 |
_aBruxelles : _bLe Ministére, _c19 -19. |
||
| 300 | _av. | ||
| 500 | _aLa biblioteca tiene : 1982-83, 1983-84 | ||
| 590 |
_aBATCH-UPD _b10 _c20130110 _lUCH01 _h2117 |
||
| 590 |
_aBATCH-UPD _b10 _c20130410 _lUCH01 _h1427 |
||
| 590 |
_aBATCH-UPD _b10 _c20130914 _lUCH01 _h0649 |
||
| 590 |
_aCONVERSION _b10 _c20130109 _lUCH01 _h1309 |
||
| 650 | 1 | 4 |
_aInvestigación _xBélgica. _960226 |
| 650 | 1 | 4 |
_aTesis _xSumarios. _9112469 |
| 901 | _aBK | ||
| 942 | _cLIBRO | ||
| 949 |
_a378.242 B4 _bBC _cC _d33724000122966 _eC _f1983-84 c.2 _h69873 _i18973 _mD _si |
||
| 949 |
_a378.242 B4 _bBC _cC _d33724000513966 _eC _f1982-83 _h67173 _i18973 _mD _si |
||
| 999 |
_c13927 _d13927 |
||